| 000 | 00844nam a22002533 4500 | ||
|---|---|---|---|
| 001 | 67498 | ||
| 003 | BD-RjUL | ||
| 005 | 20211209081649.0 | ||
| 008 | 190401s1819 enk 000 0 | ||
| 029 | _a1815 | ||
| 035 | _aCD-0000292419 | ||
| 035 | _a(BD-RjUL)67629 | ||
| 040 |
_aBD-RjUL _beng _cBD-RjUL |
||
| 041 | _aeng | ||
| 082 |
_223 _a958.1 _bELA 1819 |
||
| 092 | _aHV775 | ||
| 100 | 1 |
_aElphinstone, Mountstuart _9229885 |
|
| 245 | 1 | 3 |
_aAn account of the kingdom of Caubul and its dependencies in Persia, Tartary and India : _bcomprising a view of the Afghaun nation and a history of the Doraunee monarchy / _cby Mountstuart Elphinstone. |
| 260 |
_aLondon : _bLongman, Hurst, Rees, Orme, and Browne : J. Murray, _c1819. |
||
| 300 |
_a v. : _bill.; _c23 cm. |
||
| 505 | 0 | 1 | _av. 1 -- |
| 650 |
_aAfghanistan _9229886 |
||
| 942 |
_2ddc _cBK |
||
| 999 |
_c67498 _d67498 |
||